000 00935cam a22002534a 4500
001 12296316
005 20180301065102.0
008 010201s2001 enk b 001 0 eng
010 _a 2001021977
020 _a0130161217 (alk. paper)
040 _aDLC
_cDLC
_dDLC
041 _aeng
042 _apcc
080 _a333.9 5 HAN
082 0 0 _a333.9 5 HAN
_221
100 _a9
101 _aMJE
245 0 0 _aEcology, uncertainty, and policy :
_cedited by J.W. Handmer, T.W. Norton, S.R. Dovers.
504 _aIncludes bibliographical references and index.
906 _a7
_bcbc
_corignew
_d1
_eocip
_f20
_gy-gencatlg
942 _2ddc
_cBK
999 _c43812
_d43812